Arctic governance (Record no. 60745)
[ view plain ]
| 000 -LEADER | |
|---|---|
| fixed length control field | 01698nam a2200241Ii 4500 |
| 008 - FIXED-LENGTH DATA ELEMENTS--GENERAL INFORMATION | |
| fixed length control field | 221202s xx 000 0 und d |
| 100 1# - MAIN ENTRY--PERSONAL NAME | |
| Personal name | Wilson Rowe, Elana, |
| Relator term | author |
| 245 #0 - TITLE STATEMENT | |
| Title | Arctic governance |
| 246 ## - VARYING FORM OF TITLE | |
| Title proper/short title | Power in cross-border cooperation |
| 264 ## - PRODUCTION, PUBLICATION, DISTRIBUTION, MANUFACTURE, AND COPYRIGHT NOTICE | |
| Name of producer, publisher, distributor, manufacturer | Manchester University Press |
| Date of production, publication, distribution, manufacture, or copyright notice | 2018 |
| 300 ## - PHYSICAL DESCRIPTION | |
| Extent | 1 online resource (176 pages) |
| 336 ## - CONTENT TYPE | |
| Content type term | text |
| Content type code | txt |
| Source | rdacontent |
| 337 ## - MEDIA TYPE | |
| Media type term | computer |
| Media type code | c |
| Source | rdamedia |
| 338 ## - CARRIER TYPE | |
| Carrier type term | online resource |
| Carrier type code | cr |
| Source | rdacarrier |
| 520 ## - SUMMARY, ETC. | |
| Summary, etc. | This book seeks to pose and explore a question that sheds light on the contested but largely cooperative nature of Arctic governance in the post-Cold War period: how does power matter : and how has it mattered : in shaping cross-border cooperation and diplomacy in the Arctic? Each chapter functions as a window through which power relations in the Arctic are explored. Issues include how representing the Arctic region matters for securing preferred outcomes, how circumpolar cooperation is marked by regional hierarchies and how Arctic governance has become a global social site in its own right, replete with disciplining norms for steering diplomatic behaviour. This book draws upon Russia’s role in the Arctic Council as an extended case study and examines how Arctic cross-border governance can be understood as a site of competition over the exercise of authority. |
| 653 ## - INDEX TERM--UNCONTROLLED | |
| Uncontrolled term | Expert Knowledge |
| 653 ## - INDEX TERM--UNCONTROLLED | |
| Uncontrolled term | Governance |
| 653 ## - INDEX TERM--UNCONTROLLED | |
| Uncontrolled term | Indigenous Diplomacy |
| 653 ## - INDEX TERM--UNCONTROLLED | |
| Uncontrolled term | Power |
| 653 ## - INDEX TERM--UNCONTROLLED | |
| Uncontrolled term | Russia |
| 856 ## - ELECTRONIC LOCATION AND ACCESS | |
| Uniform Resource Identifier | <a href="https://library.oapen.org/bitstream/20.500.12657/29988/1/650559.pdfhttp://www.manchesteruniversitypress.co.uk/9781526121738/http://library.oapen.org/handle/20.500.12657/29988">https://library.oapen.org/bitstream/20.500.12657/29988/1/650559.pdfhttp://www.manchesteruniversitypress.co.uk/9781526121738/http://library.oapen.org/handle/20.500.12657/29988</a> |
| 942 ## - ADDED ENTRY ELEMENTS (KOHA) | |
| Koha item type | E-Book |
| Withdrawn status | Damaged status | Not for loan | Home library | Current library | Date acquired | Total Checkouts | Date last seen | Price effective from | Koha item type |
|---|---|---|---|---|---|---|---|---|---|
| Directory of Open Access Books | Directory of Open Access Books | 11/28/2022 | 11/28/2022 | 11/28/2022 | E-Book |